{"text_format":"3","workbook":"xlsx","n_sheets":1,"sheets":["t443"],"read":"whole","date_system":"1900"}

{"sheet":"t443","index":0,"n_rows":141,"n_cols":7,"rows_kept":141,"merged":[[0,0,0,6],[30,0,30,5],[40,0,40,5],[134,0,134,5]]}
["TABELA 443.1 - Estatísticas Agrícolas, Município de Pontal, Estado de São Paulo, 2007/08."]
["ITEM","UNIDADE","N.DE UPAs","MÍNIMO","MÉDIO","MÁXIMO","TOTAL"]
["Distância à sede do município","km",294,{"v":1,"d":"1.0"},{"v":9.12,"d":"9.1"},{"v":33,"d":"33.0"},"-"]
["Área total","hectare",294,0.3,{"v":111.56,"d":"111.6"},{"v":2933,"d":"2,933.0"},{"v":32797.5,"d":"32,797.5"}]
["Área com cultura perene","hectare","-","-","-","-",{"v":0,"d":"0.0"}]
["Área com cultura temporária","hectare",287,0.3,{"v":100.08,"d":"100.1"},{"v":2503,"d":"2,503.0"},{"v":28722.3,"d":"28,722.3"}]
["Área com pastagem","hectare",11,0.2,10.7,{"v":53,"d":"53.0"},117.7]
["Área com reflorestamento","hectare",3,0.9,{"v":4.43,"d":"4.4"},7.1,13.3]
["Área com vegetação natural","hectare",43,0.3,{"v":22.93,"d":"22.9"},{"v":225,"d":"225.0"},985.9]
["Área com vegetação de brejo e várzea","hectare",107,0.2,{"v":20.29,"d":"20.3"},{"v":270,"d":"270.0"},{"v":2171.3,"d":"2,171.3"}]
["Área em descanso","hectare",3,24.1,50.9,{"v":68,"d":"68.0"},152.7]
["Área complementar","hectare",101,0.1,{"v":6.28,"d":"6.3"},{"v":100,"d":"100.0"},634.3]
["Área das UPAs com (0, 1] ha","hectare",2,0.3,0.6,0.9,1.2]
["Área das UPAs com (1, 2] ha","hectare",3,1.7,{"v":1.87,"d":"1.9"},{"v":2,"d":"2.0"},5.6]
["Área das UPAs com (2, 5] ha","hectare",15,2.3,{"v":3.61,"d":"3.6"},4.9,54.2]
["Área das UPAs com (5, 10] ha","hectare",17,5.4,{"v":8.26,"d":"8.3"},{"v":10,"d":"10.0"},140.5]
["Área das UPAs com (10, 20] ha","hectare",60,10.9,{"v":13.93,"d":"13.9"},{"v":20,"d":"20.0"},{"v":836,"d":"836.0"}]
["Área das UPAs com (20, 50] ha","hectare",90,20.5,{"v":31.96,"d":"32.0"},48.4,{"v":2876.4,"d":"2,876.4"}]
["Área das UPAs com (50, 100] ha","hectare",52,{"v":52,"d":"52.0"},70.5,96.8,{"v":3666.1,"d":"3,666.1"}]
["Área das UPAs com (100, 200] ha","hectare",15,{"v":105,"d":"105.0"},{"v":143.31,"d":"143.3"},192.4,{"v":2149.7,"d":"2,149.7"}]
["Área das UPAs com (200, 500] ha","hectare",25,211.7,{"v":336.77,"d":"336.8"},452.5,{"v":8419.3,"d":"8,419.3"}]
["Área das UPAs com (500, 1.000] ha","hectare",11,523.7,{"v":689.77,"d":"689.8"},968.3,{"v":7587.5,"d":"7,587.5"}]
["Área das UPAs com (1.000, 2.000] ha","hectare",3,{"v":1122.2,"d":"1,122.2"},{"v":1376,"d":"1,376.0"},{"v":1774,"d":"1,774.0"},{"v":4128,"d":"4,128.0"}]
["Área das UPAs com (2.000, 5.000] ha","hectare",1,{"v":2933,"d":"2,933.0"},{"v":2933,"d":"2,933.0"},{"v":2933,"d":"2,933.0"},{"v":2933,"d":"2,933.0"}]
["Área das UPAs com (5.000, 10.000] ha","hectare","-","-","-","-","-"]
["Área das UPAs acima de 10.000 ha","hectare","-","-","-","-","-"]
["Familiares do proprietário que trabalham na UPA","unidade",232,{"v":1,"d":"1.0"},{"v":1.69,"d":"1.7"},{"v":6,"d":"6.0"},{"v":393,"d":"393.0"}]
["Trabalhadores permanentes","unidade",15,{"v":1,"d":"1.0"},{"v":4.87,"d":"4.9"},{"v":50,"d":"50.0"},{"v":73,"d":"73.0"}]
["Fonte: Secretaria de Agricultura e Abastecimento, CDRS/IEA, Projeto LUPA."]
[]
["TABELA 443.2 - Explorações Animais, Município de Pontal, Estado de São Paulo, 2007/08."]
["ITEM","UNIDADE","N.DE UPAs","MÍNIMO","MÉDIO","MÁXIMO","TOTAL"]
["Bovinocultura Leiteira","cabeças",1,{"v":3,"d":"3.0"},{"v":3,"d":"3.0"},{"v":3,"d":"3.0"},{"v":3,"d":"3.0"}]
["Bovinocultura Mista","cabeças",7,{"v":3,"d":"3.0"},{"v":43.43,"d":"43.4"},{"v":140,"d":"140.0"},{"v":304,"d":"304.0"}]
["Caprinocultura","cabeças",1,{"v":50,"d":"50.0"},{"v":50,"d":"50.0"},{"v":50,"d":"50.0"},{"v":50,"d":"50.0"}]
["Equinocultura","cabeças",2,{"v":8,"d":"8.0"},25.5,{"v":43,"d":"43.0"},{"v":51,"d":"51.0"}]
["Ovinocultura","cabeças",3,{"v":20,"d":"20.0"},{"v":47,"d":"47.0"},{"v":100,"d":"100.0"},{"v":141,"d":"141.0"}]
["Suinocultura","cabeças",2,{"v":20,"d":"20.0"},{"v":25,"d":"25.0"},{"v":30,"d":"30.0"},{"v":50,"d":"50.0"}]
["Fonte: Secretaria de Agricultura e Abastecimento, CDRS/IEA, Projeto LUPA."]
[]
["TABELA 443.3 -  Máquinas, Implementos e Benfeitorias, Município de Pontal, Estado de São Paulo, 2007/08."]
["ITEM","UNIDADE","N.DE UPAs","MÍNIMO","MÉDIO","MÁXIMO","TOTAL"]
["Arado Comum (Bacia, Aiveca)","Unidade",9,{"v":1,"d":"1.0"},{"v":1.44,"d":"1.4"},{"v":3,"d":"3.0"},{"v":13,"d":"13.0"}]
["Arado Escarificador","Unidade",19,{"v":1,"d":"1.0"},{"v":2.84,"d":"2.8"},{"v":16,"d":"16.0"},{"v":54,"d":"54.0"}]
["Arado Subsolador","Unidade",13,{"v":1,"d":"1.0"},{"v":1.46,"d":"1.5"},{"v":5,"d":"5.0"},{"v":19,"d":"19.0"}]
["Carregadeira de Cana","Unidade",10,{"v":1,"d":"1.0"},5.8,{"v":36,"d":"36.0"},{"v":58,"d":"58.0"}]
["Colhedeira Acoplada","Unidade",1,{"v":1,"d":"1.0"},{"v":1,"d":"1.0"},{"v":1,"d":"1.0"},{"v":1,"d":"1.0"}]
["Colhedeira Automotriz","Unidade",4,{"v":1,"d":"1.0"},{"v":2.25,"d":"2.3"},{"v":5,"d":"5.0"},{"v":9,"d":"9.0"}]
["Computador","Unidade",3,{"v":2,"d":"2.0"},{"v":23.33,"d":"23.3"},{"v":46,"d":"46.0"},{"v":70,"d":"70.0"}]
["Conj.Irrigação Autopropelido","Unidade",1,{"v":4,"d":"4.0"},{"v":4,"d":"4.0"},{"v":4,"d":"4.0"},{"v":4,"d":"4.0"}]
["Conj.Irrigação Pivot Central","Unidade",2,{"v":4,"d":"4.0"},{"v":6,"d":"6.0"},{"v":8,"d":"8.0"},{"v":12,"d":"12.0"}]
["Conjunto de Fenação","Unidade",1,{"v":1,"d":"1.0"},{"v":1,"d":"1.0"},{"v":1,"d":"1.0"},{"v":1,"d":"1.0"}]
["Desintegrador de Palha (Plantio Direto)","Unidade",1,{"v":1,"d":"1.0"},{"v":1,"d":"1.0"},{"v":1,"d":"1.0"},{"v":1,"d":"1.0"}]
["Desintegrador, Picador, Triturador","Unidade",3,{"v":1,"d":"1.0"},{"v":1,"d":"1.0"},{"v":1,"d":"1.0"},{"v":3,"d":"3.0"}]
["Distribuidor de Calcário","Unidade",7,{"v":1,"d":"1.0"},{"v":1.43,"d":"1.4"},{"v":4,"d":"4.0"},{"v":10,"d":"10.0"}]
["Ensiladeira","Unidade",2,{"v":1,"d":"1.0"},{"v":1,"d":"1.0"},{"v":1,"d":"1.0"},{"v":2,"d":"2.0"}]
["Grade Aradora (Tipo Romi)","Unidade",13,{"v":1,"d":"1.0"},{"v":1.92,"d":"1.9"},{"v":5,"d":"5.0"},{"v":25,"d":"25.0"}]
["Grade Niveladora","Unidade",10,{"v":1,"d":"1.0"},1.8,{"v":3,"d":"3.0"},{"v":18,"d":"18.0"}]
["Microtrator","Unidade",1,{"v":1,"d":"1.0"},{"v":1,"d":"1.0"},{"v":1,"d":"1.0"},{"v":1,"d":"1.0"}]
["Misturador de Ração","Unidade",1,{"v":1,"d":"1.0"},{"v":1,"d":"1.0"},{"v":1,"d":"1.0"},{"v":1,"d":"1.0"}]
["Pulverizador Tratorizado","Unidade",16,{"v":1,"d":"1.0"},{"v":1.81,"d":"1.8"},{"v":3,"d":"3.0"},{"v":29,"d":"29.0"}]
["Semeadeira/Adubadeira para Plantio Convencional","Unidade",8,{"v":1,"d":"1.0"},{"v":1.25,"d":"1.3"},{"v":3,"d":"3.0"},{"v":10,"d":"10.0"}]
["Semeadeira/Plantadeira Plantio Direto","Unidade",3,{"v":1,"d":"1.0"},{"v":1.67,"d":"1.7"},{"v":3,"d":"3.0"},{"v":5,"d":"5.0"}]
["Terraceador","Unidade",5,{"v":1,"d":"1.0"},1.2,{"v":2,"d":"2.0"},{"v":6,"d":"6.0"}]
["Trator de Esteiras","Unidade",3,{"v":1,"d":"1.0"},{"v":1.67,"d":"1.7"},{"v":3,"d":"3.0"},{"v":5,"d":"5.0"}]
["Trator de Pneus","Unidade",28,{"v":1,"d":"1.0"},{"v":9.46,"d":"9.5"},{"v":86,"d":"86.0"},{"v":265,"d":"265.0"}]
["Açude/Represa","Unidade",12,{"v":1,"d":"1.0"},{"v":1.83,"d":"1.8"},{"v":6,"d":"6.0"},{"v":22,"d":"22.0"}]
["Almoxarifado/Oficina","Unidade",6,{"v":1,"d":"1.0"},{"v":1.17,"d":"1.2"},{"v":2,"d":"2.0"},{"v":7,"d":"7.0"}]
["Armazém para Grãos Ensacados","Sacas",1,{"v":2,"d":"2.0"},{"v":2,"d":"2.0"},{"v":2,"d":"2.0"},{"v":2,"d":"2.0"}]
["Balança para Veículos","Unidade",2,{"v":1,"d":"1.0"},1.5,{"v":2,"d":"2.0"},{"v":3,"d":"3.0"}]
["Barracão para Bicho da Seda/Sirgaria","Unidade",1,{"v":16,"d":"16.0"},{"v":16,"d":"16.0"},{"v":16,"d":"16.0"},{"v":16,"d":"16.0"}]
["Barracão para Granja/Avicultura","Unidade",2,{"v":1,"d":"1.0"},{"v":1,"d":"1.0"},{"v":1,"d":"1.0"},{"v":2,"d":"2.0"}]
["Barracão/Galpão/Garagem","Unidade",30,{"v":1,"d":"1.0"},{"v":1.63,"d":"1.6"},{"v":4,"d":"4.0"},{"v":49,"d":"49.0"}]
["Casa de Moradia Habitada","Unidade",44,{"v":1,"d":"1.0"},{"v":4.91,"d":"4.9"},{"v":50,"d":"50.0"},{"v":216,"d":"216.0"}]
["Casa de Moradia Total","Unidade",42,{"v":1,"d":"1.0"},{"v":5.07,"d":"5.1"},{"v":50,"d":"50.0"},{"v":213,"d":"213.0"}]
["Curral/Mangueira","Unidade",6,{"v":1,"d":"1.0"},{"v":1.33,"d":"1.3"},{"v":2,"d":"2.0"},{"v":8,"d":"8.0"}]
["Depósito/Tulha","Unidade",9,{"v":1,"d":"1.0"},{"v":1.11,"d":"1.1"},{"v":2,"d":"2.0"},{"v":10,"d":"10.0"}]
["Engenho","Unidade",1,{"v":1,"d":"1.0"},{"v":1,"d":"1.0"},{"v":1,"d":"1.0"},{"v":1,"d":"1.0"}]
["Estábulo","Unidade",2,{"v":1,"d":"1.0"},{"v":1,"d":"1.0"},{"v":1,"d":"1.0"},{"v":2,"d":"2.0"}]
["Pocilga","Unidade",1,{"v":1,"d":"1.0"},{"v":1,"d":"1.0"},{"v":1,"d":"1.0"},{"v":1,"d":"1.0"}]
["Poço Semi-Artesiano","Unidade",6,{"v":1,"d":"1.0"},1.5,{"v":3,"d":"3.0"},{"v":9,"d":"9.0"}]
["Posto Meteorológico","Unidade",2,{"v":1,"d":"1.0"},{"v":1,"d":"1.0"},{"v":1,"d":"1.0"},{"v":2,"d":"2.0"}]
["Usina de Açúcar/destilaria","Unidade",3,{"v":1,"d":"1.0"},{"v":1,"d":"1.0"},{"v":1,"d":"1.0"},{"v":3,"d":"3.0"}]
["Fonte: Secretaria de Agricultura e Abastecimento, CDRS/IEA, Projeto LUPA."]
[]
["TABELA 443.4 - Outras Estatísticas Agrícolas, Município de Pontal, Estado de São Paulo, 2007/08."]
["ITEM","Número de UPAs",null,"Percentual"]
["Faz Parte de Associação de Produtores",280,null,{"v":95.23809523809524,"d":"95.2"}]
["Faz Parte de Cooperativa de Produtores",281,null,{"v":95.578231292517,"d":"95.6"}]
["Faz Parte do Sindicato de Produtores",277,null,{"v":94.21768707482993,"d":"94.2"}]
["Não utiliza assistência técnica ",25,null,{"v":8.503401360544217,"d":"8.5"}]
["Utiliza somente assistência técnica governamental ",5,null,{"v":1.7006802721088434,"d":"1.7"}]
["Utiliza somente assistência técnica privada ",256,null,{"v":87.07482993197279,"d":"87.1"}]
["Utiliza assistência técnica tanto governamental quanto privada",8,null,{"v":2.7210884353741496,"d":"2.7"}]
["Utiliza Crédito Rural",16,null,{"v":5.442176870748299,"d":"5.4"}]
["Utiliza Seguro Rural","-",null,"-"]
["Utiliza Escrituração Agrícola",280,null,{"v":95.23809523809524,"d":"95.2"}]
["Acessa Internet p/ Fins na Agropecuária",6,null,{"v":2.0408163265306123,"d":"2.0"}]
["Utiliza Computador nas Atividades Agropecuárias",28,null,{"v":9.523809523809524,"d":"9.5"}]
["Utiliza Energia Elétrica Para Uso na Atividade Agrícola",50,null,{"v":17.006802721088434,"d":"17.0"}]
["Realiza Análise de Solo, quando necessário",265,null,{"v":90.1360544217687,"d":"90.1"}]
["Utiliza Práticas de Conservação de Solo, quando necessário",277,null,{"v":94.21768707482993,"d":"94.2"}]
["Faz Adubação Mineral, quando necessário",268,null,{"v":91.156462585034,"d":"91.2"}]
["Faz Adubação Orgânica, quando necessário",72,null,{"v":24.489795918367346,"d":"24.5"}]
["Faz Adubação Verde, quando necessário",3,null,{"v":1.0204081632653061,"d":"1.0"}]
["Utiliza Manejo Integrado de Pragas (MIP)",1,null,{"v":0.3401360544217687,"d":"0.3"}]
["Utiliza Hidroponia","-",null,"-"]
["Utiliza Plasticultura",1,null,{"v":0.3401360544217687,"d":"0.3"}]
["Utiliza Mudas Fiscalizadas",65,null,{"v":22.108843537414966,"d":"22.1"}]
["Utiliza Semente Melhorada",6,null,{"v":2.0408163265306123,"d":"2.0"}]
["Faz Confinamento de Bovinos","-",null,"-"]
["Utiliza Pastejo Intensivo",2,null,{"v":0.6802721088435374,"d":"0.7"}]
["Faz Inseminação Artificial","-",null,"-"]
["Faz Mineralização do Rebanho",3,null,{"v":1.0204081632653061,"d":"1.0"}]
["Faz Vermifugação do Rebanho",3,null,{"v":1.0204081632653061,"d":"1.0"}]
["Possui Parceiros /Arrendatários na Exploração Animal",12,null,{"v":4.081632653061225,"d":"4.1"}]
["Esporte e lazer","-",null,"-"]
["Extração mineral","-",null,"-"]
["Hotel Fazenda, Pousada ou SPA","-",null,"-"]
["Pesque-pague","-",null,"-"]
["Restaurante ou Lanchonete","-",null,"-"]
["Transformação artesanal","-",null,"-"]
["Turismo rural ou ecoturismo","-",null,"-"]
["Outras atividades econômicas rurais","-",null,"-"]
["Agroindústria","-",null,"-"]
["Proprietário sem instrução ou com instrução incompleta",2,null,{"v":0.6802721088435374,"d":"0.7"}]
["Proprietário com antigo primário completo",130,null,{"v":44.21768707482993,"d":"44.2"}]
["Proprietário com 1° grau (ou antigo ginasial) completo",31,null,{"v":10.54421768707483,"d":"10.5"}]
["Proprietário com 2° grau (ou antigo colegial) completo",22,null,{"v":7.482993197278912,"d":"7.5"}]
["Proprietário com curso superior completo ",61,null,{"v":20.74829931972789,"d":"20.7"}]
["Pessoa Jurídica",48,null,{"v":16.3265306122449,"d":"16.3"}]
["Proprietário residente na própria UPA ",14,null,{"v":4.761904761904762,"d":"4.8"}]
["Fonte: Secretaria de Agricultura e Abastecimento, CDRS/IEA, Projeto LUPA."]
[]
["TABELA 443.5 - Área Cultivada, Município de Pontal, Estado de São Paulo, 2007/08."]
["CULTURA","N.DE UPAs","MÍNIMO","MÉDIO","MÁXIMO","TOTAL"]
["Cana-de-acucar",287,0.3,{"v":100.16,"d":"100.2"},{"v":2503,"d":"2,503.0"},{"v":28745.3,"d":"28,745.3"}]
["Gramas",6,0.2,{"v":13.28,"d":"13.3"},{"v":53,"d":"53.0"},79.7]
["Braquiaria",5,{"v":2,"d":"2.0"},7.6,{"v":27,"d":"27.0"},{"v":38,"d":"38.0"}]
["Eucalipto",3,0.9,{"v":4.43,"d":"4.4"},7.1,13.3]
["Fonte: Secretaria de Agricultura e Abastecimento, CDRS/IEA, Projeto LUPA."]